000 00372nam a2200145Ia 4500
008 191121s9999||||xx |||||||||||||| ||und||
040 _aIMU-MPC
082 _aColumn-5
100 _aNational Hydrographic Office Dehradun
245 4 _aThe nautical almanac 2007
260 _bNational Hydrographic Office Dehradun
260 _c2007
300 _a319 + xxxv
942 _cBK
999 _c2134
_d2134